• 首页
  • 本馆介绍
  • 公告通知
  • 最新文献
  • 馆藏检索
  • 电子资源
  • 读者导购
  • 参考咨询
  • 我的图书馆
  • 登录
  • 详细信息显示
  • 放入我的书架
  • 预约/预借图书
  • 作者相关作品
  • 分类相关作品
  • 丛书相关作品
  • 出版社相关作品

书目信息

  • 表格格式
  • 工作单格式
  • 卡片格式
题名:
代表理论与代议民主
    
 
作者: 应奇 编
分册:  
出版信息: 长春   吉林出版集团有限责任公司  2008
页数: 296页
开本: 23cm
丛书名: 公共哲学与政治思想系列
单 册:
中图分类: D089
科图分类:
主题词: 个人主义--研究
电子资源:
ISBN: 978-7-80762-791-3
000 00946oam2 2200265 450
001 1728516689
005 20170412075616.72
010    @a978-7-80762-791-3@dCNY40.00
100    @a20120219d2008 em y0chiy50 ea
101 0  @achi
102    @aCN@b220000
105    @ay z 000yy
106    @ar
200 1  @a代表理论与代议民主@9dai biao li lun yu dai yi min zhu@dRepresentation and representative democracy@f应奇编@zeng
210    @a长春@c吉林出版集团有限责任公司@d2008
215    @a296页@d23cm
225 2  @a公共哲学与政治思想系列
330    @a本书从理论、历史和实践三个方面对代表观念的内涵、代表理论的沿革以及代议制度的功能展开了全面系统的探讨,还触及代议民主当前遭遇的新挑战。
461  0 @12001 @a公共哲学与政治思想系列
510 1  @aRepresentation and representative democracy@zeng
606 0  @a个人主义@x研究
690    @aD089@v5
701  0 @a应奇@9ying qi@f(1967-)@4编
801  0 @aCN@b91MARC@c20130904
905    @aMUSE@dD089@e1
    
    代表理论与代议民主=Representation and representative democracy/应奇编.-长春:吉林出版集团有限责任公司,2008
    296页;23cm.-(公共哲学与政治思想系列)
    
    
    ISBN 978-7-80762-791-3:CNY40.00
    本书从理论、历史和实践三个方面对代表观念的内涵、代表理论的沿革以及代议制度的功能展开了全面系统的探讨,还触及代议民主当前遭遇的新挑战。
●
相关链接 在五车中查询图书 在当当中查询图书 在豆瓣中查询图书


正题名:代表理论与代议民主     索取号:D089/1         预约/预借

序号 登录号 条形码 馆藏地/架位号 状态 备注
1 829281   2000829281   第二书库/ [索取号:D089/1] 在馆    
2 829282   2000829282   第二书库/ [索取号:D089/1] 在馆    
3 829283   2000829283   第二书库/ [索取号:D089/1] 在馆    
山东省滨州职业学院图书馆 欢迎您!
大连网信软件有限公司© 版权所有